00502nam a22001337a 4500008004100000082001600041110003200057245010200089260004800191300000700239942001200246999001500258952009500273230621b xxu||||| |||| 00| 0 eng d a328.03bNAZ bNational Assembly of Zambia aParliamentary Procedure Abstract Series 6bThe Role of whip in a Multi-party Parliamentary System bNational Assembly Research Departmentc1995 a4p 2ddccBK c2028d2028 00102ddc4070a002b002d2023-06-21l0o328.03 NAZp10014196r2023-06-21w2023-06-21yBK